[Event "EU-Cup Online Gr-E"]
[Site "Tornelo INT"]
[Date "2021.03.28"]
[Round "6.4"]
[White "Liiva, Riho"]
[Black "Safarli, Eltaj"]
[Result "1/2-1/2"]
[WhiteElo "2443"]
[BlackElo "2598"]
[PlyCount "124"]
[EventDate "2021.03.27"]
[EventType "team-tourn (rapid)"]
[EventRounds "9"]
[EventCountry "NET"]
[SourceTitle "CBM 201 Extra"]
[Source "ChessBase"]
[SourceDate "2021.05.31"]
[SourceVersion "1"]
[SourceVersionDate "2021.05.31"]
[SourceQuality "1"]
[WhiteTeam "Reval Sport"]
[BlackTeam "Odlar Yurdu"]
[WhiteTeamCountry "EST"]
[BlackTeamCountry "AZE"]

1. e4 e5 2. Nf3 Nc6 3. Nc3 Nf6 4. Bb5 Bb4 5. 0-0 0-0 6. Bxc6 dxc6 7. d3 Nd7 8. Ne2 Re8 9. h3 Nf8 10. Nh2 Ng6 11. Kh1 Bd6 12. f4 exf4 13. Nxf4 c5 14. Qf3 Be6 15. Nxe6 fxe6 16. Qh5 Bxh2 17. Kxh2 Qd4 18. Qe2 Rf8 19. c3 Qd6+ 20. Kg1 Rxf1+ 21. Qxf1 Rf8 22. Qe2 Ne5 23. Be3 Qxd3 24. Re1 Qxe2 25. Rxe2 b6 26. Bf2 Nd3 27. Bg3 c6 28. Bd6 Rd8 29. e5 c4 30. b3 cxb3 31. axb3 Rd7 32. Re3 Nf4 33. c4 a5 34. h4 b5 35. g3 Ng6 36. cxb5 cxb5 37. Rc3 Ne7 38. Rc5 Nf5 39. Rxb5 Nxd6 40. exd6 Rxd6 41. Kf2 Rd5 42. Rb7 Rd4 43. Re7 Rb4 44. Rxe6 Rxb3 45. Ra6 Ra3 46. h5 a4 47. Ra7 Ra1 48. Kf3 a3 49. Kg4 h6 50. Ra8+ Kf7 51. Ra6 a2 52. Ra3 Ke6 53. Ra6+ Kd5 54. Ra5+ Ke4 55. Ra8 Ke3 56. Ra3+ Kd4 57. Ra4+ Kc3 58. Ra8 Kb3 59. Rb8+ Kc4 60. Ra8 Kb3 61. Rb8+ Kc4 62. Ra8 Kb3 1/2-1/2

[Event "Eesti Masters"]
[Site "Tornelo INT"]
[Date "2021.02.05"]
[Round "1"]
[White "Liiva, Riho"]
[Black "Chukavin, Kirill"]
[Result "0-1"]
[WhiteElo "2443"]
[BlackElo "2384"]
[PlyCount "58"]
[EventDate "2021.02.05"]
[EventType "k.o. (rapid)"]
[EventRounds "3"]
[EventCountry "EST"]
[SourceTitle "CBM 200 Extra"]
[Source "ChessBase"]
[SourceDate "2021.03.31"]
[SourceVersion "1"]
[SourceVersionDate "2021.03.31"]
[SourceQuality "1"]

1. e4 c5 2. Nc3 Nc6 3. Bb5 Nd4 4. Ba4 a6 5. d3 e6 6. Nf3 b5 7. Bb3 Nxb3 8. axb3 Bb7 9. 0-0 Nf6 10. Bg5 h6 11. Bh4 d6 12. Re1 Be7 13. Qe2 0-0 14. Rad1 e5 15. Bg3 Nh5 16. Nd2 g6 17. Nf1 f5 18. exf5 Nxg3 19. Nxg3 gxf5 20. f4 Kh7 21. fxe5 dxe5 22. Qxe5 Bd6 23. Qe6 Rf6 24. Qe2 Qd7 25. Rf1 Rg8 26. Qf2 Be5 27. Nce2 f4 28. Ne4 Rfg6 29. Nxf4 Bd4 0-1

[Event "EU-Cup 34th"]
[Site "Porto Carras"]
[Date "2018.10.18"]
[Round "7.2"]
[White "Nyysti, Sampsa"]
[Black "Liiva, Riho"]
[Result "1/2-1/2"]
[WhiteElo "2299"]
[BlackElo "2456"]
[PlyCount "42"]
[EventDate "2018.10.12"]
[EventType "team-swiss"]
[EventRounds "7"]
[EventCountry "GRE"]
[SourceTitle "CBM 187"]
[Source "ChessBase"]
[SourceDate "2018.12.11"]
[SourceVersion "1"]
[SourceVersionDate "2018.12.11"]
[SourceQuality "1"]
[WhiteTeam "Comeon"]
[BlackTeam "Reval Sport"]
[WhiteTeamCountry "FIN"]
[BlackTeamCountry "EST"]

1. e4 d5 2. exd5 Qxd5 3. Nc3 Qd6 4. d4 Nf6 5. Nf3 a6 6. Bd3 Bg4 7. 0-0 Nbd7 8. Qe2 c6 9. Bg5 Bxf3 10. Qxf3 Qxd4 11. Rad1 Qg4 12. Qe3 e6 13. a3 Bc5 14. Qd2 h6 15. Bf4 Nd5 16. Nxd5 cxd5 17. c4 Nf6 18. Be2 Qf5 19. Bd3 Qg4 20. Be2 Qf5 21. Bd3 Qg4 1/2-1/2

[Event "EU-Cup 34th"]
[Site "Porto Carras"]
[Date "2018.10.16"]
[Round "5.2"]
[White "Ledger, Andrew"]
[Black "Liiva, Riho"]
[Result "1/2-1/2"]
[WhiteElo "2353"]
[BlackElo "2456"]
[PlyCount "61"]
[EventDate "2018.10.12"]
[EventType "team-swiss"]
[EventRounds "7"]
[EventCountry "GRE"]
[SourceTitle "CBM 187"]
[Source "ChessBase"]
[SourceDate "2018.12.11"]
[SourceVersion "1"]
[SourceVersionDate "2018.12.11"]
[SourceQuality "1"]
[WhiteTeam "Blackthorne Russia"]
[BlackTeam "Reval Sport"]
[WhiteTeamCountry "ENG"]
[BlackTeamCountry "EST"]

1. d4 d5 2. c4 c6 3. Nf3 e6 4. e3 f5 5. Bd3 Nf6 6. 0-0 Bd6 7. b3 Qe7 8. Bb2 0-0 9. Nc3 Ne4 10. Ne2 b6 11. Rc1 Bb7 12. Ne5 Nd7 13. cxd5 cxd5 14. f3 Nef6 15. Nf4 Rfc8 16. Qe2 Nf8 17. Bb5 a6 18. Rxc8 Bxc8 19. Bd3 Bb7 20. Rc1 a5 21. Bb5 Rc8 22. Rxc8 Bxc8 23. Qc2 Qc7 24. Qxc7 Bxc7 25. Ba3 g5 26. Nfd3 Kg7 27. h3 h6 28. g4 fxg4 29. hxg4 N8d7 30. Kg2 Nb8 31. Kf2 1/2-1/2

[Event "EU-Cup 34th"]
[Site "Porto Carras"]
[Date "2018.10.12"]
[Round "1.2"]
[White "Liiva, Riho"]
[Black "Paravyan, David"]
[Result "0-1"]
[WhiteElo "2456"]
[BlackElo "2629"]
[PlyCount "92"]
[EventDate "2018.10.12"]
[EventType "team-swiss"]
[EventRounds "7"]
[EventCountry "GRE"]
[SourceTitle "CBM 187"]
[Source "ChessBase"]
[SourceDate "2018.12.11"]
[SourceVersion "1"]
[SourceVersionDate "2018.12.11"]
[SourceQuality "1"]
[WhiteTeam "Reval Sport"]
[BlackTeam "Molodezhka"]
[WhiteTeamCountry "EST"]
[BlackTeamCountry "RUS"]

1. e4 c5 2. Nf3 d6 3. Bb5+ Bd7 4. Bxd7+ Qxd7 5. c4 Nc6 6. d4 e5 7. dxc5 dxc5 8. 0-0 Qxd1 9. Rxd1 Nd4 10. Nc3 Bd6 11. Nb5 Bb8 12. b4 Nc2 13. Rb1 Nxb4 14. a3 Nc6 15. Nd6+ Bxd6 16. Rxd6 Nf6 17. Rxb7 Na5 18. Rc7 0-0 19. Ra6 Nxc4 20. Rxc5 Rad8 21. g3 Rd1+ 22. Kg2 Rxc1 23. Rac6 Ne3+ 24. fxe3 Ra1 25. Nxe5 Nxe4 26. Ra5 Ra2+ 27. Kf3 f5 28. Nd3 Rd2 29. Rxa7 Ng5+ 30. Kf4 Nh3+ 31. Ke5 Rxd3 32. Rcc7 Rxe3+ 33. Kd5 Rd8+ 34. Kc4 Re4+ 35. Kb5 Rg4 36. a4 f4 37. gxf4 Nxf4 38. a5 Rg5+ 39. Kc6 Ne6 40. Rd7 Nd4+ 41. Kb6 Rg6+ 42. Kc5 Nb3+ 43. Kb4 Rb8+ 44. Rab7 Rxb7+ 45. Rxb7 Nxa5 46. Kxa5 Rg2 0-1

[Event "Puhajarve rap op 14th"]
[Site "Puhajarve"]
[Date "2013.11.30"]
[Round "24"]
[White "Liiva, Riho"]
[Black "Volodin, Aleksandr"]
[Result "1-0"]
[WhiteElo "2454"]
[BlackElo "2477"]
[PlyCount "73"]
[EventDate "2013.11.29"]
[EventType "tourn (rapid)"]
[EventRounds "35"]
[EventCountry "EST"]
[SourceTitle "CBM 157 Extra"]
[Source "ChessBase"]
[SourceDate "2013.12.19"]
[SourceVersion "1"]
[SourceVersionDate "2013.12.19"]
[SourceQuality "1"]

1. e4 c5 2. Nf3 Nc6 3. c3 d5 4. exd5 Qxd5 5. d4 e5 6. Nxe5 Nxe5 7. dxe5 Qxe5+ 8. Be3 Nf6 9. Na3 Be7 10. Bb5+ Bd7 11. Bxd7+ Nxd7 12. 0-0 Qf5 13. Qb3 b6 14. Rad1 0-0 15. Nb5 Nf6 16. h3 h6 17. Rd2 Rfc8 18. c4 Ne4 19. Rd5 Qe6 20. Rfd1 Bf6 21. Qc2 a6 22. Nd6 Nxd6 23. Rxd6 Qe5 24. Rxb6 Bd8 25. Rb3 Bc7 26. g3 Qe6 27. Kg2 h5 28. h4 Rab8 29. Rxb8 Bxb8 30. Rd5 g6 31. Qd3 Qe7 32. b3 a5 33. Rd7 Qf6 34. Qd5 Be5 35. Bxc5 Bc3 36. Be3 Re8 37. Bg5 1-0

[Event "FIN-chT 1314"]
[Site "Finland"]
[Date "2013.10.12"]
[Round "3.2"]
[White "Liiva, Riho"]
[Black "Sepp, Olav"]
[Result "1/2-1/2"]
[WhiteElo "2451"]
[BlackElo "2434"]
[PlyCount "43"]
[EventDate "2013.09.21"]
[EventType "team-tourn"]
[EventRounds "11"]
[EventCountry "FIN"]
[SourceTitle "EXT 2014"]
[Source "ChessBase"]
[SourceDate "2013.11.20"]
[SourceVersion "1"]
[SourceVersionDate "2013.11.20"]
[SourceQuality "1"]
[WhiteTeam "Turku TuTS"]
[BlackTeam "Vantaa EtVaS"]
[WhiteTeamCountry "FIN"]
[BlackTeamCountry "FIN"]

1. e4 e5 2. Nf3 Nc6 3. Bb5 Nf6 4. 0-0 Nxe4 5. Re1 Nd6 6. Nxe5 Be7 7. Bf1 Nxe5 8. Rxe5 0-0 9. d4 Bf6 10. Re1 Nf5 11. c3 d5 12. Bf4 Bg5 13. Qf3 Nh4 14. Qg3 Bxf4 15. Qxf4 Ng6 16. Qe3 Bf5 17. Nd2 Re8 18. Qxe8+ Qxe8 19. Rxe8+ Rxe8 20. g3 Kf8 21. f3 Ne7 22. Kf2 1/2-1/2

[Event "Puhajarve rap op 13th"]
[Site "Puhajarve"]
[Date "2012.11.24"]
[Round "23"]
[White "Liiva, Riho"]
[Black "Valgmae, Toomas"]
[Result "1/2-1/2"]
[WhiteElo "2451"]
[BlackElo "2218"]
[PlyCount "44"]
[EventDate "2012.11.23"]
[EventType "tourn (rapid)"]
[EventRounds "31"]
[EventCountry "EST"]
[SourceTitle "CBM 151 Extra"]
[Source "ChessBase"]
[SourceDate "2012.12.18"]
[SourceVersion "1"]
[SourceVersionDate "2012.12.18"]
[SourceQuality "1"]

1. e4 d6 2. d4 Nf6 3. Nc3 g6 4. Be3 c6 5. Qd2 b5 6. f3 Nbd7 7. a4 b4 8. Nd1 a5 9. Bd3 Qc7 10. Ne2 c5 11. c4 bxc3 12. Ndxc3 cxd4 13. Nb5 Qb8 14. Bxd4 Bg7 15. 0-0 0-0 16. b4 axb4 17. Qxb4 Ba6 18. Nec3 Rc8 19. Rfb1 Nc5 20. Bf1 Qb7 21. Qa3 Qd7 22. Qc1 Ne6 1/2-1/2

[Event "Puhajarve rap op 13th"]
[Site "Puhajarve"]
[Date "2012.11.24"]
[Round "22"]
[White "Smith, Axel"]
[Black "Liiva, Riho"]
[Result "1-0"]
[WhiteElo "2484"]
[BlackElo "2451"]
[PlyCount "83"]
[EventDate "2012.11.23"]
[EventType "tourn (rapid)"]
[EventRounds "31"]
[EventCountry "EST"]
[SourceTitle "CBM 151 Extra"]
[Source "ChessBase"]
[SourceDate "2012.12.18"]
[SourceVersion "1"]
[SourceVersionDate "2012.12.18"]
[SourceQuality "1"]

1. d4 d5 2. c4 c6 3. Nc3 e6 4. e4 Bb4 5. Bd2 dxc4 6. Bxc4 Qxd4 7. Qe2 Nd7 8. Nf3 Qb6 9. 0-0 Ne7 10. a3 Bxc3 11. Bxc3 0-0 12. Rad1 Qc7 13. e5 Nd5 14. Qe4 b5 15. Ng5 g6 16. Qh4 h5 17. Bxd5 cxd5 18. Rfe1 Nc5 19. g4 Ne4 20. Nxe4 dxe4 21. gxh5 Bb7 22. Qf6 Kh7 23. h6 Rg8 24. Rd6 g5 25. Red1 Rg6 26. Rd7 Qxd7 27. Rxd7 Rxf6 28. exf6 Bd5 29. Rxf7+ Kxh6 30. Rg7 a5 31. Kf1 Rf8 32. Ke2 e5 33. Bxe5 Rf7 34. Rg8 Rxf6 35. Rh8+ Kg7 36. Bxf6+ Kxf6 37. Ke3 a4 38. Kd4 Bc4 39. Kxe4 Kg6 40. Ke5 Bb3 41. Rd8 Kh5 42. h3 1-0

[Event "Puhajarve rap op 13th"]
[Site "Puhajarve"]
[Date "2012.11.24"]
[Round "18"]
[White "Volodin, Aleksandr"]
[Black "Liiva, Riho"]
[Result "1/2-1/2"]
[WhiteElo "2502"]
[BlackElo "2451"]
[PlyCount "22"]
[EventDate "2012.11.23"]
[EventType "tourn (rapid)"]
[EventRounds "31"]
[EventCountry "EST"]
[SourceTitle "CBM 151 Extra"]
[Source "ChessBase"]
[SourceDate "2012.12.18"]
[SourceVersion "1"]
[SourceVersionDate "2012.12.18"]
[SourceQuality "1"]

1. d4 e6 2. c4 d5 3. Nc3 Nf6 4. cxd5 exd5 5. Bg5 Be7 6. Qc2 c6 7. e3 0-0 8. Bd3 Nbd7 9. Nf3 Re8 10. 0-0 Nf8 11. h3 h6 1/2-1/2

[Event "Puhajarve rap op 11th"]
[Site "Harjumaa"]
[Date "2010.11.26"]
[Round "1"]
[White "Ehlvest, Jaan"]
[Black "Liiva, Riho"]
[Result "0-1"]
[WhiteElo "2586"]
[BlackElo "2451"]
[PlyCount "27"]
[EventDate "2010.11.26"]
[EventType "tourn (rapid)"]
[EventRounds "31"]
[EventCountry "EST"]
[SourceTitle "CBM 139 Extra"]
[Source "ChessBase"]
[SourceDate "2011.01.05"]
[SourceVersion "1"]
[SourceVersionDate "2011.01.05"]
[SourceQuality "1"]

1. e4 d5 2. exd5 Qxd5 3. Nc3 Qd6 4. d4 Nf6 5. Nf3 a6 6. Ne5 Nc6 7. Nxc6 Qxc6 8. d5 Qd6 9. Qf3 Bg4 10. Qg3 Qxg3 11. hxg3 0-0-0 12. Bc4 b5 13. Bb3 b4 14. Na4 0-1

[Event "Olympiad-38"]
[Site "Dresden"]
[Date "2008.11.15"]
[Round "3"]
[White "Liiva, Riho"]
[Black "Khetho, Phemelo"]
[Result "0-1"]
[WhiteElo "2460"]
[BlackElo "2229"]
[PlyCount "82"]
[EventDate "2008.11.13"]
[EventType "team-swiss"]
[EventRounds "11"]
[EventCountry "GER"]
[SourceTitle "CBM 128"]
[Source "ChessBase"]
[SourceDate "2009.01.28"]
[SourceVersion "1"]
[SourceVersionDate "2009.01.28"]
[SourceQuality "1"]
[WhiteTeam "Estonia"]
[BlackTeam "Botswana"]
[WhiteTeamCountry "EST"]
[BlackTeamCountry "BOT"]

1. e4 d5 2. exd5 Nf6 3. d4 Nxd5 4. c4 Nb6 5. Nc3 e5 6. Qe2 Qxd4 7. Nf3 Qd8 8. Bg5 f6 9. Nxe5 Qe7 10. c5 Qxe5 11. Qxe5+ fxe5 12. cxb6 axb6 13. Bc4 h6 14. Bh4 Bg4 15. f3 Bh5 16. 0-0-0 g5 17. Bg3 Bd6 18. Ne4 Ke7 19. h4 g4 20. fxg4 Bxg4 21. Rdf1 Be6 22. Bxe6 Kxe6 23. Rf6+ Ke7 24. Rhf1 Nd7 25. Rf7+ Ke6 26. Rg7 Rag8 27. Rff7 Rxg7 28. Rxg7 Bf8 29. Rg4 Kf5 30. Nf2 Nf6 31. Rc4 Rg8 32. Rc3 Bc5 33. Kd1 Bxf2 34. Bxf2 Rxg2 35. Be1 Nd5 36. Rf3+ Ke4 37. Rf7 Rxb2 38. Bd2 h5 39. Kc1 Rxa2 40. Rh7 Kd3 41. Bg5 e4 0-1

[Event "WMSG Rapid Team 1st"]
[Site "Beijing"]
[Date "2008.10.16"]
[Round "9"]
[White "Liiva, Riho"]
[Black "Gopal, Geetha Narayanan"]
[Result "1-0"]
[WhiteElo "2460"]
[BlackElo "2548"]
[PlyCount "167"]
[EventDate "2008.10.14"]
[EventType "team-tourn (rapid)"]
[EventRounds "9"]
[EventCountry "CHN"]
[SourceTitle "CBM 126 Extra"]
[Source "ChessBase"]
[SourceDate "2008.11.05"]
[SourceVersion "1"]
[SourceVersionDate "2008.11.05"]
[SourceQuality "1"]

1. e4 c5 2. Nf3 d6 3. Bb5+ Nd7 4. c3 Ngf6 5. Qe2 a6 6. Ba4 b5 7. Bc2 e5 8. d4 Be7 9. 0-0 0-0 10. a4 Bb7 11. Rd1 Qb6 12. dxe5 dxe5 13. Nh4 g6 14. Bg5 Rfe8 15. axb5 axb5 16. Rxa8 Bxa8 17. c4 b4 18. Ba4 Bc6 19. Bxc6 Qxc6 20. Nd2 Nf8 21. Nhf3 N6d7 22. Bxe7 Rxe7 23. Nf1 Ne6 24. Qd3 Nd4 25. Ne3 Kg7 26. Nd5 Re8 27. Ra1 Ra8 28. Qd1 Ra6 29. Nd2 Qa8 30. Rxa6 Qxa6 31. g3 Qa2 32. Qb1 Qa6 33. b3 Nf6 34. Kg2 Qa3 35. Ne3 Qa8 36. Nd5 Qa6 37. Nf3 Nd7 38. Nd2 h5 39. h4 Nf6 40. Nf3 Ng4 41. Nd2 Qa3 42. f3 Nf6 43. Kf2 Qa6 44. Qb2 Nxd5 45. exd5 f5 46. Qb1 Kf6 47. Qb2 Ke7 48. Qb1 Kd6 49. Qb2 Ke7 50. Qb1 Qa3 51. Kf1 Kf7 52. Kf2 Qa6 53. Kf1 Ke8 54. Kf2 Kd7 55. Kf1 Ke7 56. Kf2 Qa8 57. Kf1 Kf6 58. Kf2 g5 59. hxg5+ Kxg5 60. Kf1 Qa6 61. Kf2 Kg6 62. g4 hxg4 63. fxg4 Qf6 64. gxf5+ Nxf5 65. Qe4 Kf7 66. Nf3 Nd4 67. Ke3 Qh6+ 68. Kf2 Qf6 69. Kg2 Qg7+ 70. Kh3 Qh6+ 71. Kg4 Qg7+ 72. Ng5+ Kf6 73. Qe3 Nf5 74. Qd2 e4 75. Qf4 Qg6 76. d6 e3 77. d7 Ke7 78. Qxf5 Qxf5+ 79. Kxf5 Kxd7 80. Ke5 e2 81. Nf3 Kc6 82. Ke6 Kc7 83. Kd5 Kb6 84. Ke4 1-0

[Event "WMSG Rapid Team 1st"]
[Site "Beijing"]
[Date "2008.10.15"]
[Round "3"]
[White "Liiva, Riho"]
[Black "Cooper, Lawrence"]
[Result "1/2-1/2"]
[WhiteElo "2460"]
[BlackElo "2313"]
[PlyCount "153"]
[EventDate "2008.10.14"]
[EventType "team-tourn (rapid)"]
[EventRounds "9"]
[EventCountry "CHN"]
[SourceTitle "CBM 126 Extra"]
[Source "ChessBase"]
[SourceDate "2008.11.05"]
[SourceVersion "1"]
[SourceVersionDate "2008.11.05"]
[SourceQuality "1"]

1. e4 e5 2. Nc3 Nf6 3. Nf3 Nc6 4. Bb5 Bb4 5. 0-0 0-0 6. Bxc6 dxc6 7. d3 Nd7 8. Ne2 Re8 9. h3 Nf8 10. Nh2 Ng6 11. Kh1 Bd6 12. Be3 Be6 13. Qd2 Qe7 14. f4 exf4 15. Nxf4 Nxf4 16. Bxf4 Bxf4 17. Qxf4 c5 18. b3 Qd6 19. a4 Qxf4 20. Rxf4 a5 21. Ng4 Bxg4 22. Rxg4 Re5 23. Rf4 Rd8 24. Kg1 f6 25. Kf2 Kf7 26. Ke3 Rg5 27. Kf3 Ke7 28. Rf1 b6 29. h4 Re5 30. Ke3 Re6 31. Rf5 g6 32. R5f4 h5 33. Kd2 c6 34. g4 hxg4 35. Rxg4 Kf7 36. Rfg1 Rg8 37. Ke3 Re5 38. Kf3 Rh5 39. Kg3 Re5 40. Kf4 Rh5 41. Ke3 Re5 42. Rf1 Rh8 43. Rgf4 Re6 44. Rg1 Re5 45. Kd2 Kg7 46. Rgf1 Re6 47. R1f2 Rh5 48. Rg2 Ree5 49. c3 b5 50. d4 cxd4 51. cxd4 Re7 52. Rfg4 Rh6 53. Kc3 bxa4 54. bxa4 Rb7 55. Rb2 Rxb2 56. Kxb2 Kf7 57. Kc3 f5 58. exf5 gxf5 59. Rf4 Ke6 60. Kc4 Kd6 61. Rxf5 Rxh4 62. Rxa5 Rh1 63. Rg5 Kc7 64. a5 Rc1+ 65. Kd3 Kb7 66. Re5 Rd1+ 67. Kc3 Rc1+ 68. Kb4 Rc2 69. Re7+ Ka6 70. Rc7 Rc1 71. Rh7 Rb1+ 72. Kc5 Rc1+ 73. Kd6 Kxa5 74. Rb7 Rc4 75. Ke5 Ka6 76. Rb2 Ka5 77. Rb1 1/2-1/2

[Event "WMSG Blitz Team 1st"]
[Site "Beijing"]
[Date "2008.10.13"]
[Round "6"]
[White "Amer, Karim"]
[Black "Liiva, Riho"]
[Result "0-1"]
[WhiteElo "2265"]
[BlackElo "2460"]
[PlyCount "52"]
[EventDate "2008.10.13"]
[EventType "tourn (blitz)"]
[EventRounds "11"]
[EventCountry "CHN"]
[SourceTitle "CBM 126 Extra"]
[Source "ChessBase"]
[SourceDate "2008.11.05"]
[SourceVersion "1"]
[SourceVersionDate "2008.11.05"]
[SourceQuality "1"]

1. d4 d5 2. c4 c6 3. Nc3 e6 4. e4 Bb4 5. e5 c5 6. cxd5 Qxd5 7. Nf3 Nc6 8. Bb5 cxd4 9. Qxd4 Qxb5 10. Qg4 g6 11. Bd2 Bxc3 12. Bxc3 Nge7 13. 0-0-0 Nd5 14. Qh4 Qc5 15. Rd3 Ncb4 16. Rd2 Nxa2+ 17. Kc2 Naxc3 18. bxc3 Bd7 19. Rc1 Rc8 20. Kd1 Qc4 21. Qh6 Qf1+ 22. Ne1 Ba4+ 23. Rcc2 Nxc3+ 24. Kc1 Qxe1+ 25. Kb2 Qb1+ 26. Ka3 Qb3# 0-1

[Event "WMSG Blitz Team 1st"]
[Site "Beijing"]
[Date "2008.10.13"]
[Round "10"]
[White "Arlandi, Ennio"]
[Black "Liiva, Riho"]
[Result "0-1"]
[WhiteElo "2425"]
[BlackElo "2460"]
[PlyCount "104"]
[EventDate "2008.10.13"]
[EventType "tourn (blitz)"]
[EventRounds "11"]
[EventCountry "CHN"]
[SourceTitle "CBM 126 Extra"]
[Source "ChessBase"]
[SourceDate "2008.11.05"]
[SourceVersion "1"]
[SourceVersionDate "2008.11.05"]
[SourceQuality "1"]

1. d4 d5 2. c4 c6 3. Nf3 e6 4. e3 f5 5. Bd3 Nf6 6. 0-0 Bd6 7. b3 Qe7 8. a4 a5 9. Ba3 Bxa3 10. Nxa3 Na6 11. Nc2 0-0 12. Ne5 c5 13. cxd5 Nxd5 14. Bxa6 Rxa6 15. Nc4 Bd7 16. Qd2 Rfa8 17. N2a3 Nf6 18. Rfd1 Ne4 19. Qd3 Be8 20. d5 Rd8 21. d6 Nxd6 22. Nb5 Nf7 23. Qc3 Raa8 24. Nxa5 Bxb5 25. axb5 Rxd1+ 26. Rxd1 Rd8 27. Rxd8+ Nxd8 28. Qd3 Nf7 29. Nc4 Qd8 30. Qxd8+ Nxd8 31. Kf1 Kf8 32. Ke2 Ke7 33. Kd3 Nf7 34. e4 Nd6 35. exf5 exf5 36. b6 Nxc4 37. Kxc4 Kd6 38. f4 Kc6 39. h3 Kxb6 40. Kd5 Kb5 41. Ke6 c4 42. bxc4+ Kxc4 43. Kxf5 b5 44. Ke6 b4 45. Kf7 b3 46. f5 b2 47. Kxg7 b1Q 48. g4 Kd5 49. Kxh7 Ke5 50. Kg6 Qb6+ 51. Kh5 Kf6 52. Kh4 Qe3 0-1